000 00443nam a22001817a 4500
003 MPLRDC
005 20220104123842.0
008 210129b ||||| |||| 00| 0 eng d
082 _a490.8 MYZQ v.12
100 _a桑名一央著
245 _a天天涨停板
_c
250 _a十印
260 _a
_b名远文化事业有限公司
_c1991
300 _b
490 _a名远赚钱系列;12
650 _a
942 _cBK
_o490.8 MYZQ v.12
999 _c14706
_d14696